[Event "London Crouch op"]
[Site "London"]
[Date "2016.04.06"]
[Round "5"]
[White "Shaw, Marc"]
[Black "Jones, Steven"]
[Result "0-1"]
[WhiteElo "2019"]
[BlackElo "2211"]
[PlyCount "64"]
[EventDate "2016.04.02"]
[EventType "swiss"]
[EventRounds "9"]
[EventCountry "ENG"]
[SourceTitle "CBM 171 Extra"]
[Source "ChessBase"]
[SourceDate "2016.04.26"]
[SourceVersion "1"]
[SourceVersionDate "2016.04.26"]
[SourceQuality "1"]

1. e4 c5 2. Nf3 Nc6 3. d4 cxd4 4. Nxd4 Nf6 5. Nc3 e5 6. Ndb5 d6 7. Bg5 a6 8. Na3 b5 9. Nd5 Qa5+ 10. Bd2 Qd8 11. Bg5 Be7 12. Nxe7 Nxe7 13. f3 Bb7 14. c4 0-0 15. Qd2 bxc4 16. Bxc4 d5 17. exd5 Nexd5 18. 0-0 h6 19. Bh4 Rc8 20. Rfd1 Qb6+ 21. Bf2 Qd6 22. Qe2 Rfe8 23. Bg3 Nh5 24. Bf2 Nhf4 25. Qf1 Qg6 26. Rd2 e4 27. fxe4 Rxe4 28. Bxd5 Bxd5 29. Bg3 Qg4 30. Re1 Rxe1 31. Qxe1 Nxg2 32. Rxg2 Qf3 0-1

[Event "London Crouch op"]
[Site "London"]
[Date "2016.04.04"]
[Round "3"]
[White "Mandnikar, Atreya"]
[Black "Shaw, Marc"]
[Result "1/2-1/2"]
[WhiteElo "1689"]
[BlackElo "2019"]
[PlyCount "58"]
[EventDate "2016.04.02"]
[EventType "swiss"]
[EventRounds "9"]
[EventCountry "ENG"]
[SourceTitle "CBM 171 Extra"]
[Source "ChessBase"]
[SourceDate "2016.04.26"]
[SourceVersion "1"]
[SourceVersionDate "2016.04.26"]
[SourceQuality "1"]

1. e4 c5 2. c3 d5 3. exd5 Qxd5 4. d4 cxd4 5. cxd4 e6 6. Nc3 Qd8 7. Nf3 Nf6 8. Bb5+ Bd7 9. 0-0 Be7 10. Ne5 Bxb5 11. Nxb5 a6 12. Nc3 0-0 13. Bg5 Nc6 14. Nf3 h6 15. Bh4 Nd5 16. Bxe7 Ncxe7 17. Qb3 b5 18. a4 b4 19. Nxd5 Nxd5 20. a5 Rc8 21. Rfd1 Rc7 22. Ne5 Qb8 23. Rac1 Rfc8 24. Rxc7 Qxc7 25. Nd3 Qxa5 26. Nc5 Qb5 27. Ra1 a5 28. h3 Kf8 29. Qa4 Qxa4 1/2-1/2

[Event "Paignton op"]
[Site "Paignton"]
[Date "2012.09.03"]
[Round "2"]
[White "Healey, Michael W"]
[Black "Shaw, Marc"]
[Result "1-0"]
[WhiteElo "2110"]
[BlackElo "2019"]
[PlyCount "85"]
[EventDate "2012.09.02"]
[EventType "swiss"]
[EventRounds "7"]
[EventCountry "ENG"]
[SourceTitle "CBM 150 Extra"]
[Source "ChessBase"]
[SourceDate "2012.10.19"]
[SourceVersion "1"]
[SourceVersionDate "2012.10.19"]
[SourceQuality "1"]

1. e4 e6 2. b3 d5 3. Bb2 Nf6 4. e5 Nfd7 5. Qg4 c5 6. f4 Nc6 7. Nf3 f5 8. Qh3 Qe7 9. Na3 a6 10. c3 b5 11. Nc2 Bb7 12. Be2 g6 13. d4 c4 14. Ba3 Qg7 15. bxc4 bxc4 16. Rb1 Na5 17. Ng5 Bxa3 18. Nxe6 Qe7 19. Nc7+ Kf7 20. e6+ Kg7 21. Nxa8 Nf6 22. Nb6 Bd6 23. Nd7 Nxd7 24. exd7 Bxf4 25. 0-0 Bd6 26. Rbe1 Qxd7 27. Ne3 Bc6 28. Rxf5 Re8 29. Rf3 Qxh3 30. Rxh3 Bf4 31. Bd1 Nb7 32. Rf3 Bg5 33. Rg3 Bf4 34. Nf5+ Kf7 35. Rxe8 Bxg3 36. Re7+ Kf6 37. Rxh7 Be1 38. Ne7 Nd8 39. Ng8+ Kf5 40. h4 Kf4 41. Re7 Bxc3 42. g3+ Kf5 43. Re5# 1-0